header

Never underestimate your teachers (Record no. 40281)

MARC details
000 -LEADER
fixed length control field 01397nam a2200373 a 4500
082 04 - DEWEY DECIMAL CLASSIFICATION NUMBER
Classification number 371.2
100 1# - MAIN ENTRY--AUTHOR NAME
Personal name Jackson, Robyn Renee.
245 10 - TITLE STATEMENT
Title Never underestimate your teachers
260 ## - PUBLICATION, DISTRIBUTION, ETC. (IMPRINT)
Place of publication Alexandria, Va. :
Name of publisher ASCD,
Year of publication 2013.
300 ## - PHYSICAL DESCRIPTION
Number of Pages viii, 174 p.
490 1# - SERIES STATEMENT
Series statement ASCD member book
650 #0 - SUBJECT ADDED ENTRY--TOPICAL TERM
Topical Term School management and organization.
Topical Term Educational leadership.
Topical Term Teaching.
Topical Term Learning.
856 40 - ELECTRONIC LOCATION AND ACCESS
Uniform Resource Identifier http://site.ebrary.com/lib/rucke/Doc?id=10716890

No items available.

© 2026 Rongo University
Contact us: librarian | system librarian | Rongo university